Dimensionamiento de pavimentos flexibles mediante el uso de la Viga Benkelman
Gardado en:
| Autor Principal: | |
|---|---|
| Formato: | Desconocido |
| Publicado: |
[San José, Costa Rica]
1975
|
| Materias: | |
| Etiquetas: |
Engadir etiqueta
Sen Etiquetas, Sexa o primeiro en etiquetar este rexistro!
|
MARC
| LEADER | 00000 a2200000 4500 | ||
|---|---|---|---|
| 003 | 011517 | ||
| 005 | 20221231143822.0 | ||
| 008 | 140114s1975 c a m 000 ||s d | ||
| 040 | |c cru CEDI | ||
| 090 | |a TFG 599 | ||
| 100 | |a Tentori, Egidio |9 16831 | ||
| 245 | |a Dimensionamiento de pavimentos flexibles mediante el uso de la Viga Benkelman | ||
| 260 | |c 1975 |a [San José, Costa Rica] | ||
| 300 | |a 55 hojas : cuadros, gráficos, mapas (plegables), plano (en bolsa adjunta) | ||
| 500 | |a Tesis (Ingeniero Civil) Universidad de Costa Rica | ||
| 650 | |x PAVIMENTOS |9 16832 | ||
| 942 | |c TFG | ||
| 999 | |c 12470 |d 12470 | ||
